[Event "Jastrzebia Gora Fianchetto op"]
[Site "Jastrzebia Gora"]
[Date "2014.??.??"]
[Round "7"]
[White "Kawa, Boleslaw"]
[Black "Krynicki, Henryk"]
[Result "0-1"]
[WhiteElo "1990"]
[BlackElo "1705"]
[PlyCount "40"]
[EventDate "2014.08.31"]
[EventType "swiss"]
[EventRounds "9"]
[EventCountry "POL"]
[SourceTitle "CBM 162 Extra"]
[Source "ChessBase"]
[SourceDate "2014.10.17"]
[SourceVersion "1"]
[SourceVersionDate "2014.10.17"]
[SourceQuality "1"]

1. e4 c5 2. Nc3 a6 3. g3 Nc6 4. Bg2 g6 5. Nge2 Bg7 6. 0-0 b5 7. d4 Nxd4 8. Nxd4 Bxd4 9. Ne2 Bg7 10. c3 e6 11. f4 Ne7 12. g4 d5 13. e5 0-0 14. h4 Bh6 15. g5 Bg7 16. Be3 Qc7 17. Ng3 h5 18. gxh6 Bxh6 19. h5 Nf5 20. Nxf5 gxf5 0-1

[Event "Jastrzebia Gora Fianchetto op"]
[Site "Jastrzebia Gora"]
[Date "2014.??.??"]
[Round "3"]
[White "Tuszynski, Edmund"]
[Black "Kawa, Boleslaw"]
[Result "1/2-1/2"]
[WhiteElo "1931"]
[BlackElo "1990"]
[PlyCount "34"]
[EventDate "2014.08.31"]
[EventType "swiss"]
[EventRounds "9"]
[EventCountry "POL"]
[SourceTitle "CBM 162 Extra"]
[Source "ChessBase"]
[SourceDate "2014.10.17"]
[SourceVersion "1"]
[SourceVersionDate "2014.10.17"]
[SourceQuality "1"]

1. e4 d6 2. h3 Nf6 3. Nc3 g6 4. Bc4 Bg7 5. Nf3 c6 6. d3 0-0 7. 0-0 e5 8. Nh2 Nbd7 9. Ne2 d5 10. exd5 cxd5 11. Bb3 Nc5 12. c3 Nxb3 13. Qxb3 d4 14. cxd4 exd4 15. Bg5 h6 16. Bh4 g5 17. Bg3 Nh5 1/2-1/2

[Event "Rowy Veterans 14th"]
[Site "Rowy"]
[Date "2008.09.04"]
[Round "7.13"]
[White "Kawa, Boleslaw"]
[Black "Wrabel, Antoni"]
[Result "1/2-1/2"]
[WhiteElo "2056"]
[BlackElo "1905"]
[PlyCount "39"]
[EventDate "2008.08.30"]
[EventType "swiss"]
[EventRounds "9"]
[EventCountry "POL"]
[SourceTitle "EXT 2023"]
[Source "ChessBase"]
[SourceDate "2022.10.05"]
[SourceVersion "1"]
[SourceVersionDate "2022.10.05"]
[SourceQuality "1"]

1. e4 c5 2. Nf3 d6 3. Bb5+ Bd7 4. Bxd7+ Nxd7 5. 0-0 g6 6. d4 Bg7 7. c3 e6 8. Re1 Ne7 9. Na3 a6 10. Nc4 Nb6 11. Ne3 0-0 12. b3 Rc8 13. Bb2 Nc6 14. Rc1 e5 15. dxc5 dxc5 16. Nd5 Ne7 17. c4 Nc6 18. Qe2 Nd4 19. Nxd4 cxd4 20. Ba3 1/2-1/2

[Event "Rowy Veterans 14th"]
[Site "Rowy"]
[Date "2008.09.01"]
[Round "3.15"]
[White "Kawa, Boleslaw"]
[Black "Olejarczyk, Bogdan"]
[Result "0-1"]
[WhiteElo "2056"]
[BlackElo "2211"]
[PlyCount "90"]
[EventDate "2008.08.30"]
[EventType "swiss"]
[EventRounds "9"]
[EventCountry "POL"]
[SourceTitle "EXT 2023"]
[Source "ChessBase"]
[SourceDate "2022.10.05"]
[SourceVersion "1"]
[SourceVersionDate "2022.10.05"]
[SourceQuality "1"]

1. e4 c5 2. Nf3 d6 3. d4 cxd4 4. Nxd4 Nf6 5. Nc3 a6 6. Be2 e5 7. Nb3 Be6 8. 0-0 Be7 9. Be3 Nbd7 10. f3 Qc7 11. Nd5 Bxd5 12. exd5 Nb6 13. Bxb6 Qxb6+ 14. Kh1 0-0 15. Re1 a5 16. a4 g6 17. Bb5 Nh5 18. g3 f5 19. Nd2 Bg5 20. Nc4 Qc5 21. Qd3 Rf7 22. Kg2 Nf6 23. Rad1 h5 24. b3 h4 25. Re2 b6 26. Bc6 Rd8 27. c3 e4 28. fxe4 Nxe4 29. Rf1 hxg3 30. hxg3 Bf6 31. Rc2 Rh7 32. Qf3 Kg7 33. Rh1 Rxh1 34. Kxh1 Rh8+ 35. Kg2 Rh5 36. Re2 Rg5 37. Rxe4 fxe4 38. Qxe4 Rf5 39. Qe2 Bxc3 40. Qe7+ Rf7 41. Qe2 Bd4 42. Kh3 Bf6 43. Qe3 Qxe3 44. Nxe3 Bd4 45. Nc4 Bc5 0-1

[Event "Rowy Seniors op 7th"]
[Site "Rowy"]
[Date "2003.09.08"]
[Round "9"]
[White "Krasowski, Slawomir"]
[Black "Kawa, Boleslaw"]
[Result "1-0"]
[WhiteElo "2118"]
[BlackElo "2200"]
[PlyCount "27"]
[EventDate "2003.08.??"]
[EventType "swiss"]
[EventRounds "9"]
[EventCountry "POL"]
[SourceTitle "EXT 2006"]
[Source "ChessBase"]
[SourceDate "2005.11.24"]
[SourceVersion "1"]
[SourceVersionDate "2005.11.24"]
[SourceQuality "1"]

1. e4 d6 2. d4 g6 3. Nc3 Bg7 4. f4 c6 5. Nf3 b5 6. a3 a6 7. Be3 Nf6 8. Bd3 0-0 9. h4 Qc7 10. Qd2 Nbd7 11. Qf2 Nb6 12. Rd1 Nc4 13. Bc1 d5 14. e5 1-0

[Event "Rowy Seniors op 7th"]
[Site "Rowy"]
[Date "2003.08.31"]
[Round "1"]
[White "Zarow, Elzbieta"]
[Black "Kawa, Boleslaw"]
[Result "1/2-1/2"]
[WhiteElo "1600"]
[BlackElo "2200"]
[PlyCount "60"]
[EventDate "2003.08.??"]
[EventType "swiss"]
[EventRounds "9"]
[EventCountry "POL"]
[SourceTitle "EXT 2006"]
[Source "ChessBase"]
[SourceDate "2005.11.24"]
[SourceVersion "1"]
[SourceVersionDate "2005.11.24"]
[SourceQuality "1"]

1. d4 Nf6 2. Nc3 g6 3. e4 d6 4. Nf3 Bg7 5. Be2 0-0 6. 0-0 c6 7. Be3 Qc7 8. Nd2 b5 9. b4 a5 10. a3 axb4 11. axb4 Rxa1 12. Qxa1 Ng4 13. Bxg4 Bxg4 14. Qa3 Nd7 15. f3 Be6 16. Rc1 Qb7 17. Ra1 Bf6 18. Ne2 Nb6 19. c3 Ra8 20. Qc1 Bc4 21. Nxc4 Nxc4 22. Bh6 Ra6 23. h3 Qa7 24. Rxa6 Qxa6 25. Qe1 Qa2 26. h4 Bg7 27. Bxg7 Kxg7 28. Ng3 Qc2 29. h5 Qd3 30. Nf1 e5 1/2-1/2